00403nam a2200121Ia 4500001000400000008004100004082002100045100006300066245008700129260002300216901002700239999001500266323241024s9999 xx 000 0 und d aRD/379.123/R426m aRepública Dominicana.Secretaria de Estado de Educación 0aManual de funcionamiento Centro de Recursos para la Atención a la Diversidad CAD bAlfa & Omegac2008 a2/11/2010 3:15:23 p.m. c8302d8302